[Event "Bad Woerishofen Sen"]
[Site "Bad Woerishofen"]
[Date "2001.??.??"]
[Round "1"]
[White "Schwenke, Norbert"]
[Black "Storkebaum, Karl-Heinz"]
[Result "0-1"]
[WhiteElo "1578"]
[BlackElo "1801"]
[Annotator "ChessOrg"]
[PlyCount "180"]
[EventDate "1998.03.05"]
[Source "ChessBase"]
[SourceDate "1998.04.29"]

1. f4 d5 2. e3 c5 3. b3 e6 4. Nf3 Nf6 5. Bb2 Nc6 6. Bb5 Bd7 7. O-O Be7 8. Bxc6
Bxc6 9. Nc3 O-O 10. Ne5 Rc8 11. Ne2 b5 12. Ng3 Bb7 13. Qe2 a6 14. a3 Qb6 15. d3
Rfd8 16. Ng4 Ne8 17. Rad1 c4 18. Bd4 Bc5 19. Bxc5 Qxc5 20. b4 cxd3 21. cxd3 Qc3
22. Ra1 Qb3 23. Rfb1 Qc2 24. Qf1 g6 25. d4 h5 26. Ne5 Qd2 27. Qd3 Rc2 28. Qxd2
Rxd2 29. Rc1 Rc8 30. Rxc8 Bxc8 31. Rc1 Bb7 32. Rc3 Kf8 33. Nd7+ Ke7 34. Nc5 Bc8
35. Nb3 Rd1+ 36. Kf2 Kd8 37. Nc5 Nd6 38. h3 Ra1 39. Ne2 Nc4 40. Nc1 Rxa3 41.
Rxa3 Nxa3 42. N1b3 Nc4 43. Nd3 f6 44. Kf3 Kc7 45. h4 Kd6 46. g4 hxg4+ 47. Kxg4
Nxe3+ 48. Kh3 e5+ 49. Kg3 Nf5+ 50. Kf2 exd4 51. Ne1 Nxh4 52. Nc2 d3 53. Ncd4
Bd7 54. Ke3 Nf5+ 55. Kxd3 Nxd4 56. Kxd4 Bf5 57. Ke3 g5 58. Nd4 Be4 59. Nb3
gxf4+ 60. Kxf4 f5 61. Nd2 d4 62. Kg3 Kd5 63. Kf4 Kd6 64. Nb3 Bd5 65. Nd2 Kc6
66. Nf1 Be4 67. Nd2 Kd5 68. Kg3 Ke5 69. Kf2 Bd5 70. Kg3 f4+ 71. Kf2 a5 72. bxa5
b4 73. a6 Kd6 74. a7 Kc7 75. Nb3 Kb7 76. a8=Q+ Kxa8 77. Nxd4 b3 78. Nb5 Kb7 79.
Nc3 Kc6 80. Ke1 Kc5 81. Kd2 Kd4 82. Nb5+ Kc4 83. Na3+ Kb4 84. Nb1 Bc4 85. Kc1
f3 86. Kb2 f2 87. Nd2 Bd5 88. Nf1 Bc6 89. Nd2 Bg2 90. Ne4 Bxe4 0-1

[Event "Bad Woerishofen Sen"]
[Site "Bad Woerishofen"]
[Date "2001.??.??"]
[Round "3"]
[White "Schwenke, Norbert"]
[Black "Eisenhuth, Matthias"]
[Result "1-0"]
[WhiteElo "1578"]
[BlackElo "1718"]
[Annotator "ChessOrg"]
[PlyCount "99"]
[EventDate "1998.03.05"]
[Source "ChessBase"]
[SourceDate "1998.04.29"]

1. f4 e6 2. e4 g6 3. Nf3 Bg7 4. e5 d6 5. d4 dxe5 6. fxe5 Ne7 7. Bg5 h6 8. Bh4
g5 9. Bf2 Nbc6 10. c3 Nd5 11. Bb5 Bd7 12. Nbd2 a6 13. Bd3 Nf4 14. Bf1 Qe7 15.
g3 Nd5 16. Ne4 f5 17. Nc5 Rb8 18. Be2 O-O 19. h4 g4 20. Nd2 h5 21. Nc4 Bc8 22.
Nd3 Bh6 23. O-O b5 24. Nd2 Ne3 25. Bxe3 Bxe3+ 26. Kh2 f4 27. Qe1 fxg3+ 28. Kxg3
Bb7 29. Nc5 Rxf1 30. Qxf1 Bxd2 31. Nxb7 Rf8 32. Qh1 Bf4+ 33. Kg2 Qh7 34. Qb1
Qh6 35. Qe4 Ne7 36. Bd3 Nf5 37. Qe1 Bg3 38. Qe4 Bxh4 39. Rg1 Ne3+ 40. Kh1 Rf3
41. Qxf3 Bg5 42. Qc6 Kf7 43. Qxc7+ Be7 44. Nd6+ Kf8 45. Qc8+ Kg7 46. Ne8+ Kf7
47. Nc7 Qg5 48. Qxe6+ Kf8 49. Qc8+ Kf7 50. Qe8+ 1-0

[Event "Bad Woerishofen Sen"]
[Site "Bad Woerishofen"]
[Date "2001.??.??"]
[Round "5"]
[White "Schwenke, Norbert"]
[Black "Hahner, Anton"]
[Result "0-1"]
[WhiteElo "1578"]
[BlackElo "1700"]
[Annotator "ChessOrg"]
[PlyCount "120"]
[EventDate "1998.03.05"]
[Source "ChessBase"]
[SourceDate "1998.04.29"]

1. f4 d5 2. e3 c5 3. b3 Nc6 4. Bb2 Bf5 5. Nf3 e6 6. Bb5 Nf6 7. Ne5 Rc8 8. Na3
Be7 9. O-O O-O 10. Nxc6 bxc6 11. Be2 h6 12. d3 Nd7 13. c4 Bf6 14. Bxf6 Nxf6 15.
Nc2 Re8 16. Ne1 Qe7 17. Nf3 Bg4 18. Ne5 Bxe2 19. Qxe2 Nd7 20. Qh5 f6 21. Nxd7
Qxd7 22. Qg6 Qf7 23. Qg4 Qe7 24. Rf3 Rcd8 25. Rh3 Kh7 26. Rf1 dxc4 27. dxc4 Rd2
28. Rf2 Red8 29. Rhf3 f5 30. Qh3 Qd7 31. g4 Qd3 32. Rxd2 Qxd2 33. Rf2 Qd1+ 34.
Kg2 Qxg4+ 35. Qxg4 fxg4 36. Kg3 h5 37. Re2 Rd3 38. Kh4 Kg6 39. h3 gxh3 40. Kxh3
Kf5 41. Kh4 g6 42. Rg2 Rxe3 43. Rg5+ Kxf4 44. Rxg6 Re2 45. Rf6+ Ke5 46. Rf7
Rxa2 47. Kxh5 Ra3 48. Rf3 a5 49. Kg4 a4 50. bxa4 Rxa4 51. Rf4 Kd6 52. Re4 Ra3
53. Kg5 Rd3 54. Kf6 Rf3+ 55. Kg5 Rf5+ 56. Kg4 Re5 57. Rf4 Re1 58. Kg5 Ke5 59.
Rh4 Re4 60. Rxe4+ Kxe4 0-1

[Event "Bad Woerishofen Sen"]
[Site "Bad Woerishofen"]
[Date "2001.??.??"]
[Round "7"]
[White "Schwenke, Norbert"]
[Black "Block, Herbert"]
[Result "0-1"]
[WhiteElo "1578"]
[BlackElo "1700"]
[Annotator "ChessOrg"]
[PlyCount "71"]
[EventDate "1998.03.05"]
[Source "ChessBase"]
[SourceDate "1998.04.29"]

1. f4 d5 2. e3 Nf6 3. b4 e6 4. a3 b6 5. Bb2 Be7 6. Nf3 O-O 7. c4 Bb7 8. Ne5
Nbd7 9. cxd5 exd5 10. Bd4 c5 11. bxc5 bxc5 12. Bb2 Nxe5 13. Bxe5 Nd7 14. Bb2
Bh4+ 15. g3 Bf6 16. Ra2 d4 17. Rg1 Bd5 18. Ra1 Rb8 19. Qc2 Qb6 20. Bd3 g6 21.
Nc3 dxc3 22. Bxc3 Bxc3 23. Qxc3 Qb2 24. Rc1 Qxc3 25. Rxc3 Rfc8 26. Bc2 c4 27.
Ke2 Nf6 28. Rc1 Re8 29. h3 Rb2 30. g4 Ne4 31. Bxe4 Rxe4 32. Rf1 Re8 33. Rfc1
Rd8 34. R1c2 Rxc2 35. Rxc2 Be4 36. Rxc4 0-1

[Event "Bad Woerishofen Sen"]
[Site "Bad Woerishofen"]
[Date "2001.??.??"]
[Round "8"]
[White "Schwenke, Norbert"]
[Black "Assaloni, Herbert"]
[Result "1-0"]
[WhiteElo "1578"]
[BlackElo "1720"]
[Annotator "ChessOrg"]
[PlyCount "103"]
[EventDate "1998.03.05"]
[Source "ChessBase"]
[SourceDate "1998.04.29"]

1. f4 e6 2. e4 Be7 3. Nf3 c6 4. Nc3 b5 5. a3 Nf6 6. Be2 Qb6 7. d4 b4 8. Na4 Qa5
9. axb4 Bxb4+ 10. c3 Be7 11. Qc2 Bb7 12. Bd2 Na6 13. O-O Qd8 14. h3 c5 15. e5
Nh5 16. Kh2 g6 17. Rg1 cxd4 18. cxd4 Rc8 19. Qd1 Nb4 20. Nc3 Nc6 21. g3 O-O 22.
Be3 a5 23. Bf2 f5 24. h4 Nb4 25. Nd2 Nd5 26. Nxd5 Bxd5 27. Bxh5 gxh5 28. Qxh5
Rc2 29. Qd1 Rxb2 30. Kh3 Kh8 31. Qc1 Rb5 32. Qf1 Rb2 33. Be1 Rc2 34. Nf3 Bxf3
35. Qxf3 Bb4 36. Bxb4 axb4 37. Qb3 Qc8 38. Qxb4 Rc3 39. Ra4 Rg8 40. Qe7 Rg7 41.
Qf6 Kg8 42. h5 Qe8 43. Qh6 Qb8 44. Ra2 Rcxg3+ 45. Rxg3 Rxg3+ 46. Kxg3 Qb3+ 47.
Kh4 Qxa2 48. Qg5+ Kf8 49. Qd8+ Kf7 50. Qxd7+ Kf8 51. Kg5 Qg2+ 52. Kf6 1-0

[Event "Bad Woerishofen Sen"]
[Site "Bad Woerishofen"]
[Date "2001.??.??"]
[Round "2"]
[White "Schoen, Siegfried"]
[Black "Philipp, Guenther"]
[Result "0-1"]
[WhiteElo "1539"]
[BlackElo "1752"]
[Annotator "ChessOrg"]
[PlyCount "68"]
[EventDate "1998.03.05"]
[Source "ChessBase"]
[SourceDate "1998.04.29"]

1. e4 d5 2. exd5 Qxd5 3. Nc3 Qa5 4. d4 Nf6 5. Bd2 c6 6. Bc4 Bf5 7. Nd5 Qd8 8.
Nxf6+ exf6 9. c3 Bd6 10. Nf3 Nd7 11. O-O O-O 12. Nh4 Be6 13. Bd3 Nb6 14. b3 c5
15. dxc5 Bxc5 16. Bf5 Qd7 17. Bxe6 fxe6 18. Qe2 Rfe8 19. g3 Rad8 20. Rad1 Qd3
21. Qh5 Bf8 22. Qf3 Qxf3 23. Nxf3 e5 24. c4 Nd7 25. Be3 e4 26. Nh4 b6 27. Bd4
g6 28. Ng2 Bc5 29. Ne3 f5 30. Nd5 Bxd4 31. Rxd4 Kf7 32. Rfd1 Ne5 33. Nc7 Nf3+
34. Kg2 Nxd4 0-1

[Event "Bad Woerishofen Sen"]
[Site "Bad Woerishofen"]
[Date "2001.??.??"]
[Round "5"]
[White "Schoen, Siegfried"]
[Black "Oser, Thor"]
[Result "0-1"]
[WhiteElo "1539"]
[BlackElo "1700"]
[Annotator "ChessOrg"]
[PlyCount "37"]
[EventDate "1998.03.05"]
[Source "ChessBase"]
[SourceDate "1998.04.29"]

1. e4 e5 2. Bc4 Nf6 3. d3 Bc5 4. Nf3 d6 5. Bb3 h6 6. Nbd2 Bg4 7. h3 Bh5 8. Nf1
g5 9. g4 Bg6 10. Ba4+ c6 11. Bb3 Nbd7 12. Be3 Qe7 13. Qe2 O-O-O 14. Ng3 Kb8 15.
O-O-O Bxe3+ 16. Qxe3 Nc5 17. Nd2 Qc7 18. f3 Qb6 19. Kb1 0-1

[Event "Bad Woerishofen Sen"]
[Site "Bad Woerishofen"]
[Date "2001.??.??"]
[Round "6"]
[White "Schoen, Siegfried"]
[Black "Hennige, Anneliese"]
[Result "1-0"]
[WhiteElo "1539"]
[BlackElo "1700"]
[Annotator "ChessOrg"]
[PlyCount "49"]
[EventDate "1998.03.05"]
[Source "ChessBase"]
[SourceDate "1998.04.29"]

1. e4 e6 2. d4 Nf6 3. Nd2 d5 4. e5 Nfd7 5. Bd3 g6 6. c3 Bg7 7. Ngf3 O-O 8. Nf1
f6 9. Be3 Nc6 10. exf6 Nxf6 11. Qd2 Kh8 12. O-O-O Ng8 13. h4 Qf6 14. Bg5 Qf7
15. Ng3 e5 16. dxe5 Nxe5 17. h5 h6 18. hxg6 Nxg6 19. Bxg6 Qxg6 20. Rde1 c6 21.
Ne5 Qd6 22. f4 Be6 23. Ng6+ Kh7 24. Qd3 Rf7 25. Nf8+ 1-0

[Event "Bad Woerishofen Sen"]
[Site "Bad Woerishofen"]
[Date "2001.??.??"]
[Round "8"]
[White "Schoen, Siegfried"]
[Black "Wolf, Margot"]
[Result "1/2-1/2"]
[WhiteElo "1539"]
[BlackElo "1243"]
[Annotator "ChessOrg"]
[PlyCount "50"]
[EventDate "1998.03.05"]
[Source "ChessBase"]
[SourceDate "1998.04.29"]

1. e4 c6 2. d4 d5 3. Nd2 Nf6 4. e5 Ne4 5. Ngf3 Nxd2 6. Bxd2 Bf5 7. c3 e6 8. Bg5
Be7 9. Bxe7 Qxe7 10. Bd3 Bxd3 11. Qxd3 Nd7 12. b3 b5 13. O-O O-O 14. Nd2 a6 15.
f4 c5 16. Nf3 h6 17. f5 exf5 18. Qxf5 c4 19. bxc4 bxc4 20. Rfb1 Rab8 21. Rxb8
Rxb8 22. Rb1 Rb5 23. Re1 Qe6 24. Qc2 Qb6 25. Qf5 Qe6 1/2-1/2

[Event "Bad Woerishofen Sen"]
[Site "Bad Woerishofen"]
[Date "2001.??.??"]
[Round "1"]
[White "Servaty, Rudolf"]
[Black "Oser, Thor"]
[Result "1-0"]
[WhiteElo "2260"]
[BlackElo "1700"]
[Annotator "ChessOrg"]
[PlyCount "74"]
[EventDate "1998.03.05"]
[Source "ChessBase"]
[SourceDate "1998.04.29"]

1. d4 g6 2. e4 Bg7 3. Nf3 d6 4. h3 Nd7 5. Bc4 e6 6. O-O Ne7 7. Bg5 O-O 8. Nc3
Nb6 9. Bb3 Bd7 10. a4 a5 11. Qd2 Qe8 12. Rfe1 Kh8 13. e5 d5 14. Bh6 Ng8 15.
Bxg7+ Kxg7 16. g4 Nc8 17. Ne2 c6 18. g5 Qd8 19. Kg2 b5 20. Nf4 h6 21. h4 h5 22.
Nd3 b4 23. Nc5 Be8 24. c3 Qb6 25. cxb4 axb4 26. Rec1 Nge7 27. Bc2 Nf5 28. Bxf5
exf5 29. b3 Ra7 30. Ne1 Qa5 31. Ned3 Nb6 32. Qxb4 Qxb4 33. Nxb4 Na8 34. Nbd3
Nc7 35. Nf4 Na6 36. Nxa6 Rxa6 37. Nd3 Rb6 1-0

[Event "Bad Woerishofen Sen"]
[Site "Bad Woerishofen"]
[Date "2001.??.??"]
[Round "3"]
[White "Servaty, Rudolf"]
[Black "Kristiansen, Erling"]
[Result "1/2-1/2"]
[WhiteElo "2260"]
[BlackElo "2214"]
[Annotator "ChessOrg"]
[PlyCount "82"]
[EventDate "1998.03.05"]
[Source "ChessBase"]
[SourceDate "1998.04.29"]

1. d4 Nf6 2. c4 g6 3. Nc3 d5 4. Nf3 Bg7 5. Bg5 Ne4 6. Bh4 Nxc3 7. bxc3 c5 8.
cxd5 Qa5 9. Qd2 cxd4 10. cxd4 Qxd5 11. e3 Nc6 12. Rc1 O-O 13. Bc4 Qh5 14. Bg3
Rd8 15. Be2 Qd5 16. O-O Be6 17. Bc4 Qd7 18. Bxe6 Qxe6 19. Qb2 Rd7 20. h3 h6 21.
Rc2 Rad8 22. Rfc1 Qe4 23. Rc5 Re8 24. Qb5 a6 25. Qb3 e5 26. d5 Na7 27. R1c4 Qf5
28. e4 Qf6 29. Rc7 Rxc7 30. Rxc7 Nb5 31. Rxb7 Qd8 32. Qa4 Qc8 33. Rb6 f5 34.
Rxg6 Nc3 35. Qxa6 Qxa6 36. Rxa6 fxe4 37. Nd2 e3 38. fxe3 Nxd5 39. Kf2 Nc3 40.
e4 Rd8 41. Nc4 Nxe4+ 1/2-1/2

[Event "Bad Woerishofen Sen"]
[Site "Bad Woerishofen"]
[Date "2001.??.??"]
[Round "5"]
[White "Servaty, Rudolf"]
[Black "Krasinski, Jerzy"]
[Result "1/2-1/2"]
[WhiteElo "2260"]
[BlackElo "2200"]
[Annotator "ChessOrg"]
[PlyCount "61"]
[EventDate "1998.03.05"]
[Source "ChessBase"]
[SourceDate "1998.04.29"]

1. d4 d5 2. c4 c6 3. Nf3 Nf6 4. Nc3 e6 5. e3 Be7 6. Bd3 O-O 7. O-O dxc4 8. Bxc4
Nbd7 9. e4 Qc7 10. e5 Nd5 11. Nxd5 exd5 12. Bd3 Re8 13. Bf4 Nf8 14. Rc1 Bg4 15.
h3 Bh5 16. g4 Bg6 17. Bxg6 Nxg6 18. Bg3 Qd8 19. Kg2 h6 20. Ne1 Bh4 21. Bh2 Rf8
22. Rc3 Rc8 23. Nc2 Be7 24. b4 a5 25. a3 axb4 26. axb4 Ra8 27. Bg3 Ra4 28. Qb1
Qb6 29. f4 Rfa8 30. f5 Nh8 31. f6 1/2-1/2

[Event "Bad Woerishofen Sen"]
[Site "Bad Woerishofen"]
[Date "2001.??.??"]
[Round "6"]
[White "Servaty, Rudolf"]
[Black "Wunderer, Eckart"]
[Result "1/2-1/2"]
[WhiteElo "2260"]
[BlackElo "2139"]
[Annotator "ChessOrg"]
[PlyCount "47"]
[EventDate "1998.03.05"]
[Source "ChessBase"]
[SourceDate "1998.04.29"]

1. d4 Nf6 2. c4 d6 3. Nc3 Nbd7 4. e4 e5 5. d5 Be7 6. g3 Nf8 7. Bg2 Ng6 8. Nge2
c6 9. O-O O-O 10. h3 h6 11. Be3 Nh7 12. f4 exf4 13. Nxf4 Ne5 14. Qe2 c5 15.
Rac1 b6 16. b3 Bd7 17. a4 Qc8 18. g4 a6 19. Nd3 Bf6 20. Nxe5 Bxe5 21. Bf4 Qe8
22. Qd3 Qe7 23. Qg3 Rfe8 24. Bxe5 1/2-1/2

[Event "Bad Woerishofen Sen"]
[Site "Bad Woerishofen"]
[Date "2001.??.??"]
[Round "9"]
[White "Servaty, Rudolf"]
[Black "Kraft, Hans"]
[Result "1/2-1/2"]
[WhiteElo "2260"]
[BlackElo "2100"]
[Annotator "ChessOrg"]
[PlyCount "49"]
[EventDate "1998.03.05"]
[Source "ChessBase"]
[SourceDate "1998.04.29"]

1. d4 Nf6 2. c4 c5 3. d5 b5 4. cxb5 a6 5. b6 Qxb6 6. Nc3 g6 7. e4 d6 8. Nf3
Nbd7 9. Be2 Bg7 10. O-O O-O 11. Nd2 Qc7 12. h3 Ne8 13. Nc4 Ne5 14. Ne3 f5 15.
f4 Nf7 16. exf5 gxf5 17. Qc2 Nh6 18. Nc4 e5 19. fxe5 dxe5 20. d6 Nxd6 21. Nd5
Qb8 22. Bg5 Nb5 23. Ncb6 Nd4 24. Qd2 Nxe2+ 25. Qxe2 1/2-1/2

[Event "Bad Woerishofen Sen"]
[Site "Bad Woerishofen"]
[Date "2001.??.??"]
[Round "2"]
[White "Storkebaum, Karl-Heinz"]
[Black "Rahn, Oskar"]
[Result "1/2-1/2"]
[WhiteElo "1801"]
[BlackElo "2055"]
[Annotator "ChessOrg"]
[PlyCount "87"]
[EventDate "1998.03.05"]
[Source "ChessBase"]
[SourceDate "1998.04.29"]

1. d4 Nf6 2. c4 e6 3. Nc3 d5 4. Bg5 Be7 5. e3 c6 6. Nf3 Nbd7 7. cxd5 exd5 8.
Bd3 h6 9. Bh4 O-O 10. Qc2 Re8 11. O-O Ne4 12. Bxe7 Qxe7 13. Rfe1 Nf8 14. Nd2
Bf5 15. f3 Nxd2 16. Bxf5 Nc4 17. e4 Qb4 18. Qb3 Qxb3 19. axb3 Nd6 20. Bg4 dxe4
21. fxe4 a6 22. e5 Nb5 23. Nxb5 axb5 24. Kf2 Rad8 25. Rad1 Ne6 26. Bxe6 Rxe6
27. Re3 f6 28. exf6 Rxf6+ 29. Ke2 Kf7 30. Re5 Re6 31. Rf1+ Ke7 32. Rxe6+ Kxe6
33. Ke3 Rd7 34. Ke4 Kd6 35. Rf5 Re7+ 36. Kd3 Re6 37. Rf7 Rg6 38. g3 b6 39. b4
Rg4 40. Rf5 g6 41. Rf8 h5 42. Rd8+ Kc7 43. Rh8 Kd7 44. b3 1/2-1/2

[Event "Bad Woerishofen Sen"]
[Site "Bad Woerishofen"]
[Date "2001.??.??"]
[Round "4"]
[White "Storkebaum, Karl-Heinz"]
[Black "Kleinwaechter, Matthias"]
[Result "0-1"]
[WhiteElo "1801"]
[BlackElo "2041"]
[Annotator "ChessOrg"]
[PlyCount "28"]
[EventDate "1998.03.05"]
[Source "ChessBase"]
[SourceDate "1998.04.29"]

1. d4 Nf6 2. c4 g6 3. Nc3 Bg7 4. e4 d6 5. Nf3 O-O 6. Be2 e5 7. O-O exd4 8. Nxd4
Nc6 9. Be3 Re8 10. f3 Nh5 11. Qd2 Nxd4 12. Bxd4 Nf4 13. Bxg7 Qg5 14. Kh1 Qxg2#
0-1

[Event "Bad Woerishofen Sen"]
[Site "Bad Woerishofen"]
[Date "2001.??.??"]
[Round "6"]
[White "Storkebaum, Karl-Heinz"]
[Black "Kaiser, Hans"]
[Result "1/2-1/2"]
[WhiteElo "1801"]
[BlackElo "1681"]
[Annotator "ChessOrg"]
[PlyCount "44"]
[EventDate "1998.03.05"]
[Source "ChessBase"]
[SourceDate "1998.04.29"]

1. d4 Nf6 2. c4 e6 3. Nc3 Bb4 4. e3 c5 5. Nf3 O-O 6. Bd3 Nc6 7. O-O cxd4 8.
exd4 d5 9. a3 Bxc3 10. bxc3 dxc4 11. Bxc4 b6 12. Bg5 h6 13. Bh4 Bb7 14. Bd3 Ne7
15. Bxf6 gxf6 16. Nd2 f5 17. Nc4 Nd5 18. Qd2 Kg7 19. Rac1 Rg8 20. f4 Rc8 21.
Ne5 f6 22. Nf3 Qd6 1/2-1/2

[Event "Bad Woerishofen Sen"]
[Site "Bad Woerishofen"]
[Date "2001.??.??"]
[Round "8"]
[White "Storkebaum, Karl-Heinz"]
[Black "Weibrecht, Carl"]
[Result "1/2-1/2"]
[WhiteElo "1801"]
[BlackElo "1600"]
[Annotator "ChessOrg"]
[PlyCount "88"]
[EventDate "1998.03.05"]
[Source "ChessBase"]
[SourceDate "1998.04.29"]

1. d4 Nf6 2. c4 b6 3. Nc3 g6 4. e4 d6 5. Nf3 Bg7 6. Be2 c5 7. O-O cxd4 8. Nxd4
O-O 9. f3 Bd7 10. Be3 a6 11. Qd2 Nc6 12. Nxc6 Bxc6 13. Rad1 Rb8 14. g4 b5 15.
g5 Nd7 16. b3 bxc4 17. Bxc4 a5 18. Bd5 Bxc3 19. Qxc3 Bxd5 20. Rxd5 Ra8 21. Rc1
a4 22. b4 Rc8 23. Qb2 Rxc1+ 24. Qxc1 Qc8 25. Rd1 Qa6 26. Rd2 Ne5 27. Kg2 a3 28.
Kg3 Nc4 29. Rc2 Nxe3 30. Qxe3 Rb8 31. Qb3 Qb5 32. h4 Qxb4 33. Qxb4 Rxb4 34.
Rc8+ Kg7 35. Ra8 Rb1 36. Rxa3 h5 37. Ra7 Kf8 38. Ra8+ Kg7 39. a4 f5 40. exf5
gxf5 41. a5 Rb4 42. a6 f4+ 43. Kh3 Rb3 44. Kg2 Rb2+ 1/2-1/2

[Event "Bad Woerishofen Sen"]
[Site "Bad Woerishofen"]
[Date "2001.??.??"]
[Round "2"]
[White "Tessmer, Herbert"]
[Black "Servaty, Rudolf"]
[Result "0-1"]
[WhiteElo "1700"]
[BlackElo "2260"]
[Annotator "ChessOrg"]
[PlyCount "92"]
[EventDate "1998.03.05"]
[Source "ChessBase"]
[SourceDate "1998.04.29"]

1. e4 c5 2. c3 e6 3. d4 d5 4. e5 Nc6 5. Nf3 Bd7 6. dxc5 Bxc5 7. Bd3 Nge7 8. O-O
Ng6 9. Qe2 Qc7 10. Re1 O-O 11. b4 Be7 12. Na3 a6 13. Bd2 b5 14. Nc2 f6 15. Bxg6
hxg6 16. Ncd4 Nxe5 17. Nxe5 fxe5 18. Qxe5 Bd6 19. Qg5 e5 20. Nf3 Rf6 21. Qh4
Rxf3 22. gxf3 Bf5 23. a4 bxa4 24. Rxa4 Bd3 25. Re3 Bb5 26. Ra1 Rf8 27. Qg4 Qf7
28. Ree1 e4 29. f4 Bd7 30. Qg3 Bb5 31. Be3 Rc8 32. Rac1 Re8 33. h3 Re6 34. Qg5
Rf6 35. Kh1 Bd7 36. h4 Rf5 37. Qd8+ Kh7 38. Kg2 Bxf4 39. Rc2 Bb5 40. Rd2 Bc4
41. Kh3 Bxe3 42. Rxe3 Rxf2 43. Rxf2 Qxf2 44. Qg5 Bb5 45. Rg3 Bd7+ 46. Rg4 Qf3+
0-1

[Event "Bad Woerishofen Sen"]
[Site "Bad Woerishofen"]
[Date "2001.??.??"]
[Round "4"]
[White "Tessmer, Herbert"]
[Black "Haasper, Peter"]
[Result "1/2-1/2"]
[WhiteElo "1700"]
[BlackElo "1804"]
[Annotator "ChessOrg"]
[PlyCount "41"]
[EventDate "1998.03.05"]
[Source "ChessBase"]
[SourceDate "1998.04.29"]

1. e4 e6 2. d4 d5 3. e5 c5 4. c3 Qb6 5. Nf3 Bd7 6. Bd3 Bb5 7. O-O Bxd3 8. Qxd3
Nc6 9. dxc5 Bxc5 10. Nbd2 Nge7 11. Nb3 Ng6 12. Nxc5 Qxc5 13. Re1 O-O 14. Be3
Qa5 15. b4 Qc7 16. Bc5 Rfd8 17. Bd6 Qd7 18. c4 dxc4 19. Qxc4 Rac8 20. Qb3 Nce7
21. Bxe7 1/2-1/2

[Event "Bad Woerishofen Sen"]
[Site "Bad Woerishofen"]
[Date "2001.??.??"]
[Round "6"]
[White "Tessmer, Herbert"]
[Black "Neumann, Erwin"]
[Result "1-0"]
[WhiteElo "1700"]
[BlackElo "1794"]
[Annotator "ChessOrg"]
[PlyCount "101"]
[EventDate "1998.03.05"]
[Source "ChessBase"]
[SourceDate "1998.04.29"]

1. e4 e5 2. Nf3 Nf6 3. Nxe5 d6 4. Nf3 Nxe4 5. d4 d5 6. Bd3 Be7 7. O-O O-O 8.
Re1 Nf6 9. h3 Nc6 10. c3 h6 11. Bf4 Bd6 12. Bxd6 Qxd6 13. Na3 a6 14. Qd2 Be6
15. Ne5 Ne7 16. Qf4 Qb6 17. Re2 Ng6 18. Bxg6 fxg6 19. Nxg6 Rf7 20. Ne5 Rff8 21.
Qh4 Ne4 22. Rae1 Rf6 23. Nac4 Qb5 24. Nd2 Nxd2 25. Rxd2 Raf8 26. Qg3 Bf5 27. b3
Qa5 28. Qe3 Re6 29. Rde2 c6 30. Qd2 Qd8 31. Re3 Be4 32. Rg3 Ref6 33. Ng4 Rf4
34. Nxh6+ Kh7 35. Ng4 Qh4 36. Re2 g5 37. Qe3 Kg7 38. Ne5 Kh6 39. Rg4 Qh5 40.
Qg3 Bf5 41. Rxf4 Qxe2 42. Rf3 Qxa2 43. Ng4+ Kg7 44. Qc7+ Rf7 45. Qe5+ Kg6 46.
Qd6+ Kg7 47. Qh6+ Kg8 48. Nf6+ Rxf6 49. Qxf6 Qb1+ 50. Kh2 Bg6 51. Qxg5 1-0

[Event "Bad Woerishofen Sen"]
[Site "Bad Woerishofen"]
[Date "2001.??.??"]
[Round "7"]
[White "Tessmer, Herbert"]
[Black "Fleckner, Hans"]
[Result "0-1"]
[WhiteElo "1700"]
[BlackElo "1830"]
[Annotator "ChessOrg"]
[PlyCount "42"]
[EventDate "1998.03.05"]
[Source "ChessBase"]
[SourceDate "1998.04.29"]

1. e4 c5 2. c3 d5 3. exd5 Qxd5 4. d4 Nf6 5. Nf3 e6 6. Be3 cxd4 7. Bxd4 Be7 8.
Be2 O-O 9. O-O Rd8 10. Nbd2 Nc6 11. Nb3 e5 12. Be3 Qe6 13. Qc2 h6 14. Rad1 Nd5
15. Bc5 Qf6 16. Bxe7 Ncxe7 17. Bc4 Bg4 18. Qe4 Bxf3 19. gxf3 Nf4 20. Kh1 Qg5
21. Rxd8+ Rxd8 0-1

[Event "Bad Woerishofen Sen"]
[Site "Bad Woerishofen"]
[Date "2001.??.??"]
[Round "1"]
[White "Thielemann, Joachim"]
[Black "Buchner, Matthias"]
[Result "1-0"]
[WhiteElo "2061"]
[BlackElo "1700"]
[Annotator "ChessOrg"]
[PlyCount "93"]
[EventDate "1998.03.05"]
[Source "ChessBase"]
[SourceDate "1998.04.29"]

1. b3 Nf6 2. Bb2 Nc6 3. f4 d6 4. Nf3 Bg4 5. e3 e5 6. fxe5 Nxe5 7. Be2 Bxf3 8.
Bxf3 Nxf3+ 9. Qxf3 c6 10. Bxf6 Qxf6 11. Qxf6 gxf6 12. O-O Bg7 13. c3 O-O 14.
Na3 d5 15. Rf3 Rfe8 16. Raf1 Re6 17. Nc2 c5 18. Ne1 b6 19. Nd3 Rae8 20. Rf5 d4
21. exd4 cxd4 22. Nf4 Re1 23. cxd4 Rxf1+ 24. Kxf1 Re4 25. d5 Rd4 26. Ke2 Bh6
27. g3 Kg7 28. Ke3 Rb4 29. d6 Bxf4+ 30. gxf4 Kf8 31. Rxf6 Ke8 32. d4 a5 33. Ke4
a4 34. Kd5 axb3 35. axb3 Rxb3 36. Kc6 Rc3+ 37. Kxb6 Kd7 38. h4 Rc6+ 39. Kb5
Rxd6 40. Rxd6+ Kxd6 41. Kc4 Ke6 42. Kc5 Kf5 43. d5 Kxf4 44. d6 Kg4 45. d7 Kxh4
46. d8=Q+ Kh5 47. Qf6 1-0

[Event "Bad Woerishofen Sen"]
[Site "Bad Woerishofen"]
[Date "2001.??.??"]
[Round "3"]
[White "Thielemann, Joachim"]
[Black "Vetter, Wilhelm"]
[Result "1/2-1/2"]
[WhiteElo "2061"]
[BlackElo "1798"]
[Annotator "ChessOrg"]
[PlyCount "84"]
[EventDate "1998.03.05"]
[Source "ChessBase"]
[SourceDate "1998.04.29"]

1. b3 Nf6 2. Bb2 g6 3. e4 d6 4. f4 Bg7 5. Nf3 O-O 6. d3 Bg4 7. Be2 Nh5 8. Bxg7
Nxg7 9. h3 Bxf3 10. Bxf3 c6 11. O-O f5 12. g3 Nd7 13. d4 fxe4 14. Bxe4 Nf5 15.
Bxf5 Rxf5 16. Qe2 e5 17. dxe5 dxe5 18. Qc4+ Kg7 19. Nc3 exf4 20. g4 Nb6 21. Qe4
Rf7 22. Rxf4 Rxf4 23. Qxf4 Nd5 24. Nxd5 Qxd5 25. Rf1 Qc5+ 26. Kh1 Rf8 27. Qc7+
Kh6 28. Rxf8 Qxf8 29. Kg2 Qc5 30. c4 Qe3 31. Qf7 Qe2+ 32. Kg3 Qe1+ 33. Qf2
Qxf2+ 34. Kxf2 Kg5 35. Kg3 Kf6 36. Kf4 g5+ 37. Ke4 Ke6 38. c5 Kf6 39. b4 Ke6
40. Kd4 Kf6 41. a4 Ke6 42. b5 a6 1/2-1/2

[Event "Bad Woerishofen Sen"]
[Site "Bad Woerishofen"]
[Date "2001.??.??"]
[Round "5"]
[White "Thielemann, Joachim"]
[Black "Fehres, Werner"]
[Result "1-0"]
[WhiteElo "2061"]
[BlackElo "1816"]
[Annotator "ChessOrg"]
[PlyCount "80"]
[EventDate "1998.03.05"]
[Source "ChessBase"]
[SourceDate "1998.04.29"]

1. e4 e5 2. Nc3 Bc5 3. Na4 Qe7 4. Nf3 Nc6 5. c3 Nf6 6. d3 a6 7. Nxc5 Qxc5 8. h3
d5 9. exd5 Qxd5 10. Be3 O-O 11. Be2 b5 12. O-O Nd7 13. Qc2 Qe6 14. d4 h6 15.
Rfd1 Nd8 16. dxe5 Bb7 17. Bf4 Nc5 18. Nd4 Qg6 19. Qxg6 fxg6 20. Be3 Nce6 21.
Nxe6 Nxe6 22. Rd7 Rf7 23. Rad1 Bc6 24. Rxf7 Kxf7 25. f4 Rd8 26. Rxd8 Nxd8 27.
Bd3 Bd5 28. b3 Ne6 29. Kf2 c5 30. c4 Bc6 31. g4 g5 32. f5 Nf4 33. Bf1 g6 34.
Bxc5 gxf5 35. gxf5 Be4 36. cxb5 axb5 37. f6 Ke6 38. Bd6 Bc6 39. Ke3 Ng6 40. Kd4
Be8 1-0